[Event "Kazan op"]
[Site "Kazan"]
[Date "2010.11.24"]
[Round "3"]
[White "Arsh, Alexey"]
[Black "Volkov, Sergiy"]
[Result "1-0"]
[WhiteElo "2141"]
[BlackElo "2064"]
[PlyCount "79"]
[EventDate "2010.11.22"]
[EventType "swiss"]
[EventRounds "9"]
[EventCountry "RUS"]
[SourceTitle "CBM 139 Extra"]
[Source "ChessBase"]
[SourceDate "2011.01.05"]
[SourceVersion "1"]
[SourceVersionDate "2011.01.05"]
[SourceQuality "1"]

1. c4 Nf6 2. g3 g6 3. Bg2 Bg7 4. Nf3 0-0 5. Nc3 d6 6. d4 Nc6 7. 0-0 a6 8. Re1 Rb8 9. Rb1 e5 10. d5 Ne7 11. b4 Bf5 12. e4 Bd7 13. c5 Ne8 14. Nd2 f5 15. Bh3 Kh8 16. a4 Ng8 17. Nc4 Ngf6 18. b5 axb5 19. axb5 Nxe4 20. Nxe4 fxe4 21. Bxd7 Qxd7 22. c6 Qf5 23. Be3 b6 24. Ra1 Nf6 25. Ra2 Qh3 26. Nd2 Ng4 27. Nf1 Rf7 28. Qc2 Rbf8 29. Qxe4 Rf3 30. Ree2 Bh6 31. Bxh6 Nxh6 32. Re3 R3f7 33. Qg2 Qf5 34. h3 Qb1 35. Rea3 Nf5 36. Ra8 Nd4 37. f4 exf4 38. Qb2 Qe4 39. Rxf8+ Rxf8 40. Ra4 1-0

[Event "UKR-ch sf"]
[Site "Alushta"]
[Date "2008.05.17"]
[Round "7"]
[White "Ivanov, Andrey A"]
[Black "Volkov, Sergiy"]
[Result "1-0"]
[WhiteElo "2360"]
[BlackElo "2082"]
[PlyCount "129"]
[EventDate "2008.05.10"]
[EventType "swiss"]
[EventRounds "9"]
[EventCountry "UKR"]
[SourceTitle "CBM 124 Extra"]
[Source "ChessBase"]
[SourceDate "2008.07.03"]
[SourceVersion "1"]
[SourceVersionDate "2008.07.03"]
[SourceQuality "1"]

1. e4 e5 2. Nf3 Nc6 3. Bb5 a6 4. Ba4 Nf6 5. 0-0 b5 6. Bb3 Be7 7. Re1 d6 8. c3 Bg4 9. h3 Bh5 10. d3 0-0 11. Nbd2 Na5 12. Bc2 c5 13. Nf1 Qc7 14. Ng3 Bg6 15. Nh4 Rfe8 16. Nhf5 Bf8 17. Qf3 c4 18. d4 Nc6 19. Bg5 Nd7 20. Rad1 Ne7 21. Bxe7 Bxe7 22. h4 Bxf5 23. Nxf5 Bf8 24. dxe5 dxe5 25. Nh6+ gxh6 26. Qg4+ Bg7 27. Rxd7 Qb6 28. Re3 Qe6 29. Qd1 Bf6 30. Rd6 Rad8 31. Rg3+ Kf8 32. Rxd8 Rxd8 33. Qh5 Bg7 34. Re3 Rd2 35. Re2 Qd7 36. Rxd2 Qxd2 37. Qd1 Qxd1+ 38. Bxd1 Ke7 39. Bg4 Kd6 40. Bf5 Bf6 41. g3 Kc5 42. Bxh7 Bd8 43. a3 Kd6 44. Kf1 Bb6 45. Ke2 Bc5 46. Bf5 a5 47. Bc8 Kc7 48. Bg4 Kd6 49. Bf5 Bb6 50. g4 Bd8 51. g5 hxg5 52. h5 Ke7 53. Bc8 Kf6 54. Ba6 b4 55. axb4 axb4 56. cxb4 g4 57. Bxc4 Bb6 58. b5 Kg7 59. Kf1 f6 60. Be6 Kh6 61. Bxg4 Kg5 62. f3 Kh6 63. Ke2 Kg7 64. Kd3 Kf7 65. Kc4 1-0

[Event "UKR-ch sf"]
[Site "Alushta"]
[Date "2008.05.15"]
[Round "5"]
[White "Goroshchenko, Dmitry"]
[Black "Volkov, Sergiy"]
[Result "1/2-1/2"]
[WhiteElo "2252"]
[BlackElo "2082"]
[PlyCount "92"]
[EventDate "2008.05.10"]
[EventType "swiss"]
[EventRounds "9"]
[EventCountry "UKR"]
[SourceTitle "CBM 124 Extra"]
[Source "ChessBase"]
[SourceDate "2008.07.03"]
[SourceVersion "1"]
[SourceVersionDate "2008.07.03"]
[SourceQuality "1"]

1. e4 e5 2. Nf3 Nc6 3. Nc3 Nf6 4. g3 Bc5 5. Bg2 d6 6. 0-0 Bg4 7. h3 Bh5 8. d3 Nd4 9. Na4 Bb6 10. Nxb6 Nxf3+ 11. Bxf3 Bxf3 12. Qxf3 axb6 13. b3 Nd7 14. Qg4 Qf6 15. h4 h5 16. Qe2 Qe6 17. Kg2 f6 18. f4 exf4 19. gxf4 0-0-0 20. f5 Qe7 21. Bf4 g6 22. fxg6 Rdg8 23. Kf2 Rxg6 24. Rg1 Rxg1 25. Rxg1 f5 26. Rg5 fxe4 27. Qxe4 Qf6 28. Kg3 Rf8 29. d4 Qf7 30. c4 Kb8 31. Be3 Nf6 32. Qf3 Qe7 33. Rf5 Qe6 34. Kg2 Rg8+ 35. Bg5 Ng4 36. Rf8+ Rxf8 37. Qxf8+ Ka7 38. Qf3 Qe1 39. d5 Qe5 40. a4 Qh2+ 41. Kf1 Qc2 42. Kg1 Qb1+ 43. Kg2 Qb2+ 44. Kg1 Qc2 45. Bf4 Qb1+ 46. Kg2 Qc2+ 1/2-1/2

[Event "UKR-ch sf"]
[Site "Alushta"]
[Date "2008.05.12"]
[Round "2"]
[White "Volkov, Sergiy"]
[Black "Melnichuk, Mikhail"]
[Result "1/2-1/2"]
[WhiteElo "2082"]
[BlackElo "2279"]
[PlyCount "36"]
[EventDate "2008.05.10"]
[EventType "swiss"]
[EventRounds "9"]
[EventCountry "UKR"]
[SourceTitle "CBM 124 Extra"]
[Source "ChessBase"]
[SourceDate "2008.07.03"]
[SourceVersion "1"]
[SourceVersionDate "2008.07.03"]
[SourceQuality "1"]

1. e4 c5 2. Nc3 Nc6 3. g3 g6 4. Bg2 Bg7 5. f4 d6 6. Nf3 Bg4 7. 0-0 Nd4 8. Nd5 Nf6 9. Ne3 Bc8 10. c3 Nc6 11. d3 0-0 12. h3 d5 13. exd5 Nxd5 14. Nxd5 Qxd5 15. Ne5 Qd6 16. Nxc6 bxc6 17. Qf3 Bf5 18. Rd1 Rfd8 1/2-1/2

[Event "Eger Tel op"]
[Site "Eger"]
[Date "2008.01.27"]
[Round "7"]
[White "Simko, Lorant"]
[Black "Volkov, Sergiy"]
[Result "0-1"]
[WhiteElo "1743"]
[BlackElo "2110"]
[PlyCount "68"]
[EventDate "2008.01.24"]
[EventType "swiss"]
[EventRounds "7"]
[EventCountry "HUN"]
[SourceTitle "EXT 2011"]
[Source "ChessBase"]
[SourceDate "2010.11.26"]
[SourceVersion "1"]
[SourceVersionDate "2010.11.26"]
[SourceQuality "1"]

1. e4 e5 2. Nf3 Nc6 3. Bb5 a6 4. Ba4 Nf6 5. 0-0 b5 6. Bb3 Be7 7. Re1 d6 8. c3 Bg4 9. d4 Bxf3 10. Qxf3 exd4 11. a4 0-0 12. Bf4 dxc3 13. Qxc3 Na7 14. Nd2 c5 15. Rad1 Nc6 16. Nf3 Nh5 17. Bxd6 Bxd6 18. e5 Nxe5 19. Nxe5 Qc7 20. Rxd6 Qxd6 21. Bxf7+ Rxf7 22. Nxf7 Qd5 23. Ne5 Nf4 24. Qf3 Qxf3 25. Nxf3 Nd3 26. Ra1 bxa4 27. Rxa4 Nxb2 28. Ra5 c4 29. Rc5 a5 30. Kf1 a4 31. Nd4 a3 32. Nc2 a2 33. Na1 Nd3 34. Rxc4 Re8 0-1